000 00598nam a2200205Ia 4500
005 20250508162854.0
008 008 250505s9999 xx 000 0 eng d
037 _aBooks to be hide in OPAC
040 _aFEDL
_beng
_cFEDL
041 _aeng
_2eng
084 _a370.154 4, HER/O
_qFEDL
100 _aHergenhahn B R
_913781
245 0 _aIntroduction to theories of learning
250 _a4th
260 _aEnglewood Cliffs
_b Prentice-Hall
_c1993
300 _ax,500p.
700 _a Olson Matthew H
_9774251
942 _cHB
_h370.154 4, HER/O
999 _c1379167
_d1379167